| 000 | 00712 a2200253 4500 | ||
|---|---|---|---|
| 001 | 200421312 | ||
| 650 | 0 | 0 |
_96769 _aStratejik planlama _xKarar verme |
| 999 |
_c200421312 _d38508 |
||
| 003 | TR-AnTOB | ||
| 005 | 20201211000822.0 | ||
| 008 | 150211s tu 000 0 | ||
| 040 |
_aTR-AnTOB _btur _erda |
||
| 041 | 0 | _atur | |
| 050 | 0 | 0 |
_aHD30.28 _bS77 2014 |
| 090 | _aHD30.28. S77 2014 | ||
| 245 | 1 | 0 |
_a2015-2019 Stratejik Plan / _cAhi Evran Üniversitesi. |
| 264 |
_aKırşehir : _bAhi Evran Üniversitesi, _c2014 |
||
| 300 |
_a125 sayfa : _brenk. res. ; _c30 cm |
||
| 336 |
_atext _2rdacontent |
||
| 337 |
_aunmediated _2rdamedia |
||
| 338 |
_avolume _2rdacarrier |
||
| 650 | 0 | 0 |
_aStrategic planning _91126 |
| 942 | _cBK | ||